| 000 | 00743nam a2200241 a 4500 | ||
|---|---|---|---|
| 003 | OSt | ||
| 005 | 20240412074309.0 | ||
| 008 | 110926s2011 dr 000 p spa d | ||
| 020 | _a9789945863734 | ||
| 040 |
_aDO-SdBNP _bspa _cBNPHU |
||
| 082 | 4 |
_aRD861.5 _bP983p 2018 _222 |
|
| 100 | 1 |
_aPumarol, Homero _d1971- _920619 |
|
| 245 | 1 | 0 |
_aPoesía reunida 2000-2011 / _cHomero Pumarol ; introducción de Frank Báez. |
| 250 | _a2a. ed. | ||
| 260 |
_aSanto Domingo : _bDe a Poco, _c2018. |
||
| 300 |
_a151 p. ; _c21 cm. |
||
| 590 | _aInventariado, 2021 / DG | ||
| 650 | 4 |
_aPoesía dominicana _966 |
|
| 650 | 0 |
_aLiteratura dominicana. _967 |
|
| 700 | 1 |
_aBáez, Frank _935989 |
|
| 910 | _aD/G/Validado. Control de calidad MFF | ||
| 942 |
_2ddc _cLBS1 |
||
| 999 |
_c51082 _d51082 |
||